Представление документа в формате MARC21

Поле Инд. ПП Название Значение
Тип записи a
Библиографический уровень m
001 Контрольный номер RU/IS/BASE/398519291
005 Дата корректировки 20220801133049.1
020 a ISBN 5-88782-270-8
040 b Код языка каталог. rus
041 0_ a Код языка текста rus
080 a Индекс УДК 004.42
084 a Индекс другой классификации/Индекс ББК 32.973.202-018.2
090 a Полочн. индекс 681.3
c Каталожный индекс 681.3.06
x Авторский знак Б15
097 b Оператор 11
100 1_ a Автор Бадд Т.
245 10 a Заглавие Объектно-ориентированное программирование в действии
c Ответственность пер. с англ. А. Бердникова
260 a Место издания Санкт-Петербург
b Издательство Питер
c Дата издания 1997
300 a Объем 464 с.
b Иллюстрации/ тип воспроизводства ил.
510 a Примечание о ссылках Книги и методические пособия
650 14 a Основная рубрика 50.05 Теоретические основы программирования
x Основная подрубрика 50.05.13 Технология программирования. Автоматизация программирования
653 1_ a Ключевые слова объектно-ориентированное программирование
901 t Тип документа m